| 000 | 00580nam a22001937a 4500 | ||
|---|---|---|---|
| 999 |
_c19035 _d19035 |
||
| 003 | AR-CdUCM | ||
| 008 | 190516b ||||| |||| 00| 0 spa d | ||
| 040 |
_aMUNICIPALIDAD PROVINCIAL DEL CUSCO _cBIBLIOTECA MUNICIPAL DEL CUSCO |
||
| 082 |
_a869.56 / _bP91 |
||
| 100 |
_aPuente, José Felix de la _9543 |
||
| 245 |
_aLas islas azules : _bcuentos / |
||
| 260 |
_aLima : _bTip. Peruana, _c1946. |
||
| 300 |
_a152 páginas ; _c21 cm. |
||
| 505 | _aContenido: Cuento. | ||
| 650 |
_aCuentos peruanos _97 |
||
| 650 |
_aSiglo XX. _98 |
||
| 942 |
_2ddc _cLIBROS |
||
| 945 |
_aacv _d2019-05-16 |
||